000 00694nam a2200205 4500
001 108194
003 ES-MaACL
005 20231227204705.0
007 t|
008 061121s1964 sp r ||||1| spa d
100 1 _aMontaño Montaño, Manuel.
_982402
_eaut
245 1 0 _aSevilla, la luna y yo /
_cescribe, Manuel Montaño Montaño ; glosa, Alfredo Marquerie
260 _a[Sevilla :
_bs.n.,
_c1964] (
_fEscuela Gráfica Salesiana)
300 _a14 h. :
_bretr. autor ;
_c16 cm.
700 1 _aMarquerie, Alfredo,
_d1907-1974
_eaut
_976973
852 _aES-MaACL
_j2033-F-19
_bR.54073
942 _2udc
_cMONOGRAFIA
_n0
999 _c108194
_d108194